000 00658nam a22001697a 4500
005 20251108171245.0
008 250721s1986 xx 000 0 ara d
082 1 4 _a211.3/علي
100 1 _aعلي النوري، أبو الحسن علي النوري بن محمد
245 1 0 _aتنبيه الغافلين و ارشاد الجاهلين عما يقع لهم من الخطأ حال تلاوتهم كتاب الله المبين /
264 1 _aالقاهرة :
_bمكتبة الثقافة الدينية،
_c1986.
300 _a154ص
650 1 7 _aالقرآن الكريم
650 1 7 _aقراءاتتجويد
942 _2ddc
_cBK
999 _c60632
_d60632